00684nam a22001697a 450000500170000000800410001704000700005804100080012810000180013624500460015426000550020030000520025550001300030765000220043765000400045965000150049920240313094107.0130821s1972 ck a gr spa  aCo-BoUCMbspacLuz Cupitra (modificó)dLuz Cupitra (modificó)00aspa1 aCadena, Dario10aManual de anatomía humanacDario Cadena aBogotá (Colombia)b[Editorial desconocida]c1972 a251 páginas (v. 1)bilustraciones, gráficas aTransferencia al Archivo Histórico en marzo de 2024. Investigación Emilio Quevedo, historiador de la medicina colombiana.04aAnatomía humana04aAnatomía humanavObras ilustradas04aAnatomía